000 00683nam a2200181 a 4500
001 000028448
005 20200930054941.0
008 110408s1997 dr 000 0 spa d
040 _aDO-SdBNP
_bspa
_cBNPHU
082 _axxx
_bA838d
111 1 _aConferencia de aspectos de la diplomacia pontificia
_d1997 ene. 22 :
_cSanto Domigo)
_955396
245 1 0 _aAspectos de la diplomacia pontificia :
_bS. E. R. Mons. Francisco Bacqué Nuncio Apostólico de S. S. Juan Pablo II en la República Dominicana.
260 _aSanto Domingo :
_bEdiciones Alandar, UCSD,
_c1997.
_fEditora Búho
300 _a22 P. ;
_c21 cm.
490 1 _aHumus
_v15
830 0 _aHumus ;
_v15
_955397
049 _aBNPD
999 _c27940
_d27940